000 00731cam a2200265 a 4500
005 20260322212035.0
008 data
010 _a 97051230
020 _a0446521582
020 _a9780446521581
040 _aDLC
_cDLC
_dDLC
_dOCoLC
_dDLC
043 _an-us-ok
050 0 0 _aPS3562.E856
_bH66 1998
082 0 0 _a813/.54
_221
100 1 _aLetts, Billie.
245 1 4 _aThe Honk and Holler opening soon /
_cBillie Letts.
260 _aNew York :
_bWarner Books,
_c1998.
300 _a290 p. ;
_c24 cm.
650 0 _aVietnam War, 1961-1975
_xVeterans
_vFiction.
650 0 _aIndians of North America
_vFiction.
650 0 _aRestaurants
_vFiction.
651 0 _aOklahoma
_vFiction.
655 7 _aLove stories.
_2gsafd
001 data
999 _c803
_d803